000 00687nam a22002057a 4500
005 20150422111323.0
010 _aBAC-EN21 ENG-111697
020 _a9788175349391
_c425.00
035 _aEN-95229
035 _aB-593627-652
037 _bUBH/Ven
_adpl
037 _bDBAD/PUB
082 _a345.02680954
245 _aUniversal's socio-economic offences laws/
260 _aDelhi
_bUniversal Law Publishing
_c(201?)
270 _aA-58, G.T. Karnal Road Industrial Area,
_bDelhi
_e110033
300 _av,385p.
_c24cm(Hb)
942 _2ddc
_cEN
_mUNI
_h345.02680954
999 _c89350
_d89350